Relativistic astrophysics (Record no. 14458)

MARC details
000 -LEADER
fixed length control field 00658nam a2200217Ia 4500
003 - CONTROL NUMBER IDENTIFIER
control field IN-BaIIA
008 - FIXED-LENGTH DATA ELEMENTS--GENERAL INFORMATION
fixed length control field 211028s9999 xx 000 0 eng d
020 ## - INTERNATIONAL STANDARD BOOK NUMBER
International Standard Book Number 0-7354-0026-1
040 ## - CATALOGING SOURCE
Transcribing agency IIA Library
080 ## - UNIVERSAL DECIMAL CLASSIFICATION NUMBER
Universal Decimal Classification number 524.834
Item number REL
245 #0 - TITLE STATEMENT
Title Relativistic astrophysics
Statement of responsibility, etc. edited by J. Craig Wheeler and Hugo Martel
260 ## - PUBLICATION, DISTRIBUTION, ETC.
Place of publication, distribution, etc. Melville
Name of publisher, distributor, etc. American Institute of Physics
Date of publication, distribution, etc. 2001
300 ## - PHYSICAL DESCRIPTION
Extent xix, 938p.
490 ## - SERIES STATEMENT
Series statement AIP conference proceedings; v. 586
650 ## - SUBJECT ADDED ENTRY--TOPICAL TERM
Topical term or geographic name entry element Cosmology
650 ## - SUBJECT ADDED ENTRY--TOPICAL TERM
Topical term or geographic name entry element Neutron stars
9 (RLIN) 7729
650 ## - SUBJECT ADDED ENTRY--TOPICAL TERM
Topical term or geographic name entry element Relativistic astrophysics
9 (RLIN) 6801
700 ## - ADDED ENTRY--PERSONAL NAME
Personal name Martel, Hugo., ed.
9 (RLIN) 25684
700 ## - ADDED ENTRY--PERSONAL NAME
Personal name Wheeler, J Craig, ed.
9 (RLIN) 11807
942 ## - ADDED ENTRY ELEMENTS (KOHA)
Koha item type Books
Holdings
Withdrawn status Lost status Damaged status Not for loan Home library Current library Shelving location Date acquired Source of acquisition Cost, normal purchase price Total Checkouts Full call number Barcode Date last seen Cost, replacement price Price effective from Koha item type Purchase Price
        IIA Library-Bangalore IIA Library-Bangalore General Stacks 04/02/2002 EDS 12867.03   524.834/ REL 15380 05/11/2021 12867.03 04/02/2002 Books Rs. 12867.03

Powered by Koha